00341nam a22001217a 4500008004100000020001500041082001500056100003400071245005200105260004000157300000900197440001300206230621b xxu||||| |||| 00| 0 eng d a0905702093 a328.4bDOD cDod's Parliamentary Companion aDod's Parliamentary Companion 1984b152nd Year  bDod's Parliamentary Companionc1984 a781p x00707007